| 000 | 00457cam a2200181ua 4500 | ||
|---|---|---|---|
| 001 | 3815 | ||
| 008 | 111222n ii |||gr||||Z||||||asm | ||
| 040 | _cMAIN | ||
| 082 | _a780 | ||
| 100 |
_aChangkakaty, Sandhya, _eAuthor. |
||
| 245 | 1 | 1 |
_aAntarraag : _bgeet sankalan / _cby Sandhya Changkakaty |
| 250 | _a1st. | ||
| 260 |
_aJorhat: _bBakul chandra changkakaty. |
||
| 300 |
_a48p: _c23cm. |
||
| 653 | _aAssamese song | ||
| 653 | _aAntarraag | ||
| 942 | _cBK | ||
| 999 |
_c3639 _d3639 |
||